| 000 | 00492nam a2200157 i 4500 | ||
|---|---|---|---|
| 001 | 82611 | ||
| 003 | ES-MaACL | ||
| 005 | 20230906174713.0 | ||
| 007 | t| | ||
| 008 | 041111s1923 sp ||||1| spa d | ||
| 100 | 1 |
_aInglada Ors, Vicente. _965295 |
|
| 245 | 1 | 4 |
_aLas observaciones gravimétricas / _cpor Vicente Inglada Ors. |
| 260 |
_aMadrid : _b[s.n.], _c1923 ( _fTalls. del Instituto Geográfico y Catastral) |
||
| 300 |
_a584 p., 91 lám. ; _c25 cm. |
||
| 852 |
_aES-MaACL _jA-5081 _bR.17073 |
||
| 999 |
_c82611 _d82611 |
||